000 00279nam a2200109Ia 4500
008 191201s2010 xx 000 0 und d
100 _aKUMAR, A
245 0 _aWorkshop Technology Part-I
260 _c2010
_bDhanpat Rai Pubns (P) Ltd
_aNEW DELHI
300 _amisc.
942 _2ddc
_cBK
999 _c8110
_d8110